| 000 | 00792cam a2200157 4500500 | ||
|---|---|---|---|
| 005 | 20260111090338.0 | ||
| 041 | _afre | ||
| 042 | _adc | ||
| 100 | 1 | 0 |
_aMambrino, Jean _eauthor |
| 245 | 0 | 0 | _aRevue des livres |
| 260 | _c2002. | ||
| 500 | _a15 | ||
| 520 | _aRésuméLes prodigieuses investigations à travers la culture occidentale, les sagesses et les religions ont pour seul but de manifester comment, dans le Christ et dans sa Pâque, resplendit l’apparition – unique dans toute l’histoire, totale pour ceux qui l’accueillent et définitive pour toute l’humanité – d’un Dieu qui n’est qu’Amour. | ||
| 786 | 0 | _nÉtudes | 396 | 6 | 2002-06-01 | p. 844-863 | 0014-1941 | |
| 856 | 4 | 1 | _uhttps://shs.cairn.info/revue-etudes-2002-6-page-844?lang=fr&redirect-ssocas=7080 |
| 999 |
_c1618796 _d1618796 |
||